000 00516nam a2200205Ia 4500
005 20250114122023.0
008 131103s9999 xx 000 0 und d
020 _a81868042420
_cRs.120
040 _aLoreto College
041 _aEnglish
082 _a907
_bDAS
100 _aDash, Biranchi Narayan
245 _aTeaching of History
_cBiranchi Narayan Dash
260 _aDelhi
_bNeelkamal
_c2002
300 _a292p.
504 _aIncludes bibliography
650 _aHistory
850 _aLCBED
942 _cBK
999 _c29836
_d80315